[Event "Lueneburg NSV rapid op"]
[Site "Lueneburg"]
[Date "2018.07.14"]
[Round "6"]
[White "Hoppe, Daniel"]
[Black "Hein, Andreas1111"]
[Result "1/2-1/2"]
[WhiteElo "1981"]
[BlackElo "1833"]
[PlyCount "64"]
[EventDate "2018.07.14"]
[EventType "swiss (rapid)"]
[EventRounds "9"]
[EventCountry "GER"]
[SourceTitle "CBM 185 Extra"]
[Source "ChessBase"]
[SourceDate "2018.07.29"]
[SourceVersion "1"]
[SourceVersionDate "2018.07.29"]
[SourceQuality "1"]

1. e4 b6 2. d4 Bb7 3. Nc3 e6 4. a3 Nf6 5. Bd3 c5 6. Nf3 cxd4 7. Nxd4 Nc6 8. Nxc6 Bxc6 9. 0-0 Be7 10. e5 Nd5 11. Ne4 d6 12. exd6 Bxd6 13. Qh5 Be7 14. Bd2 Nf6 15. Nxf6+ Bxf6 16. Bb4 Be7 17. Bc3 Qd5 18. Qh3 Bf6 19. Rad1 Bxc3 20. bxc3 Qc5 21. Rfe1 0-0-0 22. Qg3 Bb7 23. a4 Qc7 24. Qe3 Qc6 25. Qg3 Qc7 26. Qe3 Rd6 27. a5 Rhd8 28. axb6 Qxb6 29. Qg3 g6 30. Rb1 Qc6 31. h3 f5 32. Rb4 Ba6 1/2-1/2

[Event "Lueneburg NSV rapid op"]
[Site "Lueneburg"]
[Date "2018.07.14"]
[Round "2"]
[White "Hoppe, Daniel"]
[Black "Mirzoev, Azer"]
[Result "0-1"]
[WhiteElo "1981"]
[BlackElo "2506"]
[PlyCount "78"]
[EventDate "2018.07.14"]
[EventType "swiss (rapid)"]
[EventRounds "9"]
[EventCountry "GER"]
[SourceTitle "CBM 185 Extra"]
[Source "ChessBase"]
[SourceDate "2018.07.29"]
[SourceVersion "1"]
[SourceVersionDate "2018.07.29"]
[SourceQuality "1"]

1. e4 Nf6 2. e5 Nd5 3. d4 d6 4. Nf3 dxe5 5. Nxe5 c6 6. Be2 Nd7 7. Nf3 N7f6 8. 0-0 Bf5 9. a3 e6 10. c4 Nb6 11. Nc3 h6 12. Re1 Be7 13. b4 0-0 14. Bb2 Re8 15. h3 Qc7 16. Rc1 Rad8 17. Qb3 Qb8 18. Bf1 Bf8 19. a4 Nbd7 20. d5 c5 21. b5 exd5 22. Rxe8 Rxe8 23. cxd5 Bd6 24. Nd1 Bf4 25. Ne3 Bxe3 26. fxe3 Be4 27. Bxf6 Nxf6 28. Rxc5 b6 29. Rc3 Nxd5 30. Bc4 Rd8 31. Rd3 Bxd3 32. Bxd5 Bg6 33. e4 Rc8 34. Kf2 Qf4 35. Qd3 Kh7 36. g3 Qf6 37. g4 Rc3 38. e5 Rxd3 39. exf6 Rxd5 0-1

[Event "Leipzig VfB op 08th"]
[Site "Leipzig"]
[Date "2001.02.23"]
[Round "6"]
[White "Pichl, Uwe Rolf"]
[Black "Hoppe, Daniel"]
[Result "0-1"]
[WhiteElo "1709"]
[BlackElo "1528"]
[PlyCount "98"]
[EventDate "2001.02.20"]
[EventType "swiss"]
[EventRounds "9"]
[EventCountry "GER"]
[SourceTitle "EXT 2008"]
[Source "ChessBase"]
[SourceDate "2007.11.25"]
[SourceVersion "1"]
[SourceVersionDate "2007.11.25"]
[SourceQuality "1"]

1. d4 Nf6 2. Nf3 g6 3. c4 Bg7 4. Nc3 0-0 5. e4 d6 6. Bd3 Nbd7 7. 0-0 e5 8. d5 a5 9. Ne1 Nc5 10. h3 Nh5 11. Be3 Nf4 12. Bxf4 exf4 13. Be2 h5 14. Qc2 f5 15. f3 Qg5 16. Bd3 fxe4 17. fxe4 Bxh3 18. Kh1 Bg4 19. Nf3 Qe7 20. Be2 Nd7 21. Nh2 Ne5 22. Rac1 Qh4 23. Kg1 f3 24. Bxf3 Bxf3 25. gxf3 Nxc4 26. Nd1 Bd4+ 27. Kg2 Ne5 28. Qxc7 Nd3 29. Rc2 Ne1+ 30. Rxe1 Qxe1 31. Nf2 Rac8 32. Qxc8 Rxc8 33. Rxc8+ Kf7 34. Rc2 Qe3 35. Nf1 Qg5+ 36. Kh1 Qh4+ 37. Kg2 Bc5 38. Ng3 Qg5 39. Kh3 h4 40. Nf1 Qg1 41. Ng4 Qxf1+ 42. Kxh4 Qh1+ 43. Kg5 Qh5+ 44. Kf4 g5+ 45. Kg3 Qh4+ 46. Kg2 Qe1 47. a3 Qb1 48. Rd2 Qc1 49. Re2 Qd1 0-1

[Event "Leipzig VfB op 08th"]
[Site "Leipzig"]
[Date "2001.02.20"]
[Round "1"]
[White "Hoppe, Daniel"]
[Black "Ziese, Gerhard"]
[Result "0-1"]
[WhiteElo "1528"]
[BlackElo "2168"]
[PlyCount "68"]
[EventDate "2001.02.20"]
[EventType "swiss"]
[EventRounds "9"]
[EventCountry "GER"]
[SourceTitle "EXT 2008"]
[Source "ChessBase"]
[SourceDate "2007.11.25"]
[SourceVersion "1"]
[SourceVersionDate "2007.11.25"]
[SourceQuality "1"]

1. e4 e5 2. f4 exf4 3. Nc3 d6 4. d4 g5 5. h4 g4 6. Bxf4 h5 7. Bc4 Nc6 8. Nge2 Bg7 9. 0-0 f6 10. Qd3 Nge7 11. a3 a6 12. Ng3 Bd7 13. Rae1 Qc8 14. Nd5 b5 15. Ba2 Qb7 16. Nxe7 Nxe7 17. e5 dxe5 18. dxe5 0-0-0 19. exf6 Bxf6 20. Bd6 Qb6+ 21. Kh1 Bxh4 22. Bxe7 Bxe7 23. Rxe7 h4 24. Ne4 h3 25. Rff7 hxg2+ 26. Kxg2 Bc6 27. Qc3 Bxe4+ 28. Rxe4 Rh3 29. Qe5 Rd2+ 30. Re2 Qc6+ 31. Kf2 Rxe2+ 32. Kxe2 Qxc2+ 33. Ke1 Rh1+ 34. Rf1 Qc1+ 0-1